| 000 | 00710nam a22001815i 4500 | ||
|---|---|---|---|
| 001 | 165768 | ||
| 003 | ES-MaACL | ||
| 005 | 20250817113849.0 | ||
| 008 | 050906s1894 pl | |||||||| ||lat d | ||
| 040 |
_aCAM _bspa _cCAM |
||
| 100 | 1 |
_aSternbach, Leo. _9108132 |
|
| 245 | 1 | 0 |
_aDilucidationes Aesopiae / _cscripsit Leo Sternbach. |
| 260 |
_aCracoviae : _bsumptibus Academiae Litterarum : _bapud Bibliopolam Societatis Librariae Polonicae, _c1894 ( _fTypis Universitatis Iagellonicae, provisore A.M. Kosterkiewick) |
||
| 300 |
_a50 p. ; _c26 cm. |
||
| 600 | 0 | 4 |
_aEsopo _947736 |
| 852 |
_aES-MaACL _jT-838-F-4 _z-- Enc. hol. conservando la cub. original _z-- Enc. en un vol. facticio |
||
| 999 |
_c165768 _d165768 |
||